Barron's ACT English, reading, and writing workbook / (Record no. 114557)
[ view plain ]
| 000 -LEADER | |
|---|---|
| fixed length control field | 00469nam a2200145 a 4500 |
| 005 - DATE AND TIME OF LATEST TRANSACTION | |
| control field | 20140414132104.0 |
| 008 - FIXED-LENGTH DATA ELEMENTS--GENERAL INFORMATION | |
| fixed length control field | 100823s19uu xx 00 eng d |
| 050 ## - LIBRARY OF CONGRESS CALL NUMBER | |
| Classification number | TR 378.1 |
| Item number | C37 2008 |
| 100 ## - MAIN ENTRY--PERSONAL NAME | |
| Personal name | Carnevale, Linda |
| 245 ## - TITLE STATEMENT | |
| Title | Barron's ACT English, reading, and writing workbook / |
| Statement of responsibility, etc | by Linda Carnevale. |
| 260 ## - PUBLICATION, DISTRIBUTION, ETC. (IMPRINT) | |
| Place of publication, distribution, etc | New York : |
| Name of publisher, distributor, etc | Barron, |
| Date of publication, distribution, etc | 2008. |
| 650 ## - SUBJECT ADDED ENTRY--TOPICAL TERM | |
| Topical term or geographic name as entry element | ACT Assessment |
| General subdivision | Study guides |
| 650 ## - SUBJECT ADDED ENTRY--TOPICAL TERM | |
| Topical term or geographic name as entry element | English language |
| General subdivision | Examinations |
| -- | Study guides |
| Withdrawn status | Lost status | Damaged status | Use restrictions | Home library | Current library | Shelving location | Date acquired | Source of acquisition | Cost, normal purchase price | Total Checkouts | Full call number | Barcode | Date last seen | Price effective from | Koha item type |
|---|---|---|---|---|---|---|---|---|---|---|---|---|---|---|---|
| Munich Library | Munich Library | Teachers Reference Section | 08/23/2010 | 755.00 | TR 378.1 C37 2008 | M6420 | 04/14/2014 | 04/14/2014 | Books |